Souls in the kalyug: Politics and cosmologies of migrant workers in contemporary India (Record no. 394698)

MARC details
000 -LEADER
fixed length control field 00591 a2200205 4500
005 - DATE & TIME
control field 20260414112340.0
008 - FIXED-LENGTH DATA ELEMENTS--GENERAL INFORMATION
fixed length control field 260413b |||||||| |||| 00| 0 eng d
020 ## - ISBN
International Standard Book Number 9788178247199
Price Rs. 695.00
040 ## - CATALOGING SOURCE
Original cataloging agency VIVEKANANDA LIBRARY
082 ## - DDC NUMBER
Classification number 305.9069140954
Book Number R141S
100 ## - MAIN ENTRY--PERSONAL NAME
Personal name Ramaswami, Shankar
245 ## - TITLE STATEMENT
Title Souls in the kalyug: Politics and cosmologies of migrant workers in contemporary India
260 ## - PUBLICATION, DISTRIBUTION, ETC. (IMPRINT)
Name of publisher, distributor, etc Permanent Black
Date of publication, distribution, etc 2025
Place of publication, distribution, etc Ranikhet
300 ## - PHYSICAL DESCRIPTION
Pages 293
650 ## - Subject
Subject Sociology
650 ## - Subject
Subject Social Groups
650 ## - Subject
Subject Migrant Groups
650 ## - Subject
Subject Migrant Workers- India
942 ## - ADDED ENTRY ELEMENTS (KOHA)
Koha item type Books
Holdings
Withdrawn status Lost status Source of classification or shelving scheme Damaged status Not for loan Location (home branch) Sublocation or collection (holding branch) Shelving location Date acquired Koha issues (times borrowed) Koha full call number Accession No. Koha date last seen Koha item type
    Dewey Decimal Classification     VIVEKANANDA LIBRARY VIVEKANANDA LIBRARY Vivekananda Library 05/03/2026   305.9069140954 R141S 438634 05/03/2026 Books
© Designed and Maintained by Vivekananda Library, MDU Rohtak